Visions of land : (Registro nro. 848)

000 -CABECERA
campo de control de longitud fija 01109nam a22001817a 4500
005 - FECHA Y HORA DE LA ÚLTIMA TRANSACCIÓN
campo de control 20220309064718.0
008 - DATOS DE LONGITUD FIJA--INFORMACIÓN GENERAL
campo de control de longitud fija 210409s1989 |||| m||| 00| 0 eng d
040 ## - FUENTE DE LA CATALOGACIÓN
Centro catalogador/agencia de origen CENDOC CAAAP
Lengua de catalogación spa
Centro/agencia transcriptor CAAAP
050 ## - SIGNATURA TOPOGRÁFICA DE LA BIBLIOTECA DEL CONGRESO
Número de clasificación FP
Número de documento/Ítem 82.C1 N25
100 1# - ENTRADA PRINCIPAL--NOMBRE DE PERSONA
9 (RLIN) 2075
Nombre personal Narby, Jeremy
245 ## - MENCIÓN DE TÍTULO
Título Visions of land :
Subtitulo the ashaninca and resource development in the Pichis valley in the peruvian central jungle /
Mención de responsabilidad, etc. Jeremy Narby
260 ## - PUBLICACIÓN, DISTRIBUCIÓN, ETC.
Lugar de publicación, distribución, etc. [s.l.:
Nombre del editor, distribuidor, etc. s.n.,]
Fecha de publicación, distribución, etc. 1989
300 ## - DESCRIPCIÓN FÍSICA
Extensión ix, 363 p. :
Dimensiones 21 cm.
505 ## - NOTA DE CONTENIDO CON FORMATO
Nota de contenido con formato Introduction -- Carlo's statement -- Colonial history 1873-1968 : colonist, missionaries and the state --The vision of the Adventist missionaries -- The vision of the colonist, 1953-1986: land becomes a commodity in the Pichis Valley -- The vision of the State 1963-1980: the emergence of the Law of Native Communities -- The vision of the State 1980-1986: the Pichis-Palcazu Special Project -- The ashaninca vision of land -- Land uses in Quirishari 1984-1986 -- Conclusion.
650 #0 - PUNTO DE ACCESO ADICIONAL DE MATERIA--TÉRMINO DE MATERIA
9 (RLIN) 2074
Término de materia o nombre geográfico como elemento de entrada Indígenas asháninka
Subdivisión general Historia
650 #0 - PUNTO DE ACCESO ADICIONAL DE MATERIA--TÉRMINO DE MATERIA
Término de materia o nombre geográfico como elemento de entrada Indígenas Asháninka
Subdivisión general Condiciones sociales
9 (RLIN) 2071
942 ## - ELEMENTOS PERSONALIZADOS KOHA
Fuente del sistema de clasificación o colocación
Fecha de catalogación DD - MM - AA
Tipo de ítem Koha Libros
Existencias
Fuente del sistema de clasificación o colocación Localización permanente Ubicación/localización actual Fecha de adquisición Total de préstamos Signatura LC Fecha visto por última vez Tipo de ítem Koha
  CENTRO DE DOCUMENTACIÓN (CENDOC) CENTRO DE DOCUMENTACIÓN (CENDOC) 04/09/2021   FP 82.C1 N25 04/09/2021 Libros
Centro de Documentación CAAAP | AV. Manuel González Prada 626, Magdalena del Mar | (51-1) 4615223 Anexo 205 y 209 | cendoc@caaap.org.pe